000 00607nam a2200205 a 4500
003 BD-DhJNU
005 20250303052159.0
008 250204s2015 ii a b 001 0 eng
020 _a8174351205
040 _aBD-DhJNU
_bENG
_cBD-DhJNU
_dBD-DhJNU
082 0 0 _a297 ARP
_223
100 1 _aArnold, T.W.
245 1 0 _aThe preaching of Islam:
_ba history of the propagation of the Muslim faith /
_cT.W. Arnold
250 _a2nd ed.
260 _aNew Delhi :
_bAdam Publishers & Distributors,
_c1997.
300 _axvi, 467 p. ;
_c23
504 _aIncludes Index
650 0 _aIslam History
942 _cBK
_2ddc
999 _c1433
_d1433